LEADER 00958cam0-22003371i-450- 001 990007203970403321 005 20090619115050.0 010 $a88-204-2929-2 035 $a000720397 035 $aFED01000720397 035 $a(Aleph)000720397FED01 035 $a000720397 100 $a20021021d1988----km-y0itay50------ba 101 0 $aita 102 $aIT 105 $ay-------001yy 200 1 $aLavoro e sindacati in agricoltura$fMario Ricciardi 210 $aMilano$cFrancoAngeli$d1988 215 $a243 p.$d22 cm 225 1 $aAISRI$fAssociazione italiana di studio delle relazioni industriali$v2 676 $a331 676 $a331.8 700 1$aRicciardi,$bMario$f<1948- >$0315391 801 0$aIT$bUNINA$gRICA$2UNIMARC 901 $aBK 912 $a990007203970403321 952 $aC-II-57$b1344lav.$fDDRC 952 $aC-VIII-47$b1041 dip.$fDDRC 959 $aDDRC 996 $aLavoro e sindacati in agricoltura$9688994 997 $aUNINA LEADER 05336nam 2200673Ia 450 001 9910139454003321 005 20230725051832.0 010 $a1-5231-1837-7 010 $a1-283-09876-8 010 $a9786613098764 010 $a1-118-05673-6 010 $a1-118-05674-4 010 $a1-118-05672-8 035 $a(CKB)2550000000032834 035 $a(EBL)700457 035 $a(SSID)ssj0000482357 035 $a(PQKBManifestationID)11289458 035 $a(PQKBTitleCode)TC0000482357 035 $a(PQKBWorkID)10526167 035 $a(PQKB)11695704 035 $a(MiAaPQ)EBC700457 035 $a(Au-PeEL)EBL700457 035 $a(CaPaEBR)ebr10466744 035 $a(CaONFJC)MIL309876 035 $a(OCoLC)729724631 035 $a(EXLCZ)992550000000032834 100 $a20101230d2011 uy 0 101 0 $aeng 135 $aur|n|---||||| 181 $ctxt 182 $cc 183 $acr 200 10$aPump wisdom$b[electronic resource] $eproblem solving for operators and specialists /$fby Heinz P. Bloch 210 $aHoboken, N.J. $cWiley$d2011 215 $a1 online resource (226 p.) 300 $aDescription based upon print version of record. 311 $a1-118-04123-2 320 $aIncludes bibliographical references and index. 327 $aPump Wisdom : Problem Solving for Operators and Specialists; Table of Contents; 1. Principles of Centrifugal Process Pumps; Pump performance: Head and flow; Operation at zero flow; Impellers and rotors; The meaning of specific speed; Process pump types; Process pump mechanical response to flow changes; Recirculation and cavitation; The importance of suction specific speed; What we have learned; References; 2. Pump Selection and Industry Standards; Why insist on better pumps; ANSI and ISO versus API pumps; What we have learned; References; 3. Foundations and Base Plates 327 $aSecuring pumps in place-with one exceptionWhy not to install pump sets in the as-shipped condition; Conventional versus pre-filled base plate installations; Epoxy prefilled base plates; How to proceed if there is no access to specialist firms; What we have learned: Checklist of foundation and base plate topics; References; 4. Piping, Stationary Seals, and Gasketing; Pipe installation and support; Sliding supports and installation sequence deserve special attention; Monitoring pipe stress while bolting up; Flange leakage; What to do prior to gasket insertion 327 $aSpiral wound and kammprofile gasketsPipe, hydraulic tubing, or flexible connections?; Gusseting; Concentric versus eccentric reducers; Vibration problems in piping; What we have learned on piping and gasketing topics; References; 5. Rolling Element Bearings; Bearing selection overview and windage as a design problem; Radial versus axial (thrust) bearings; Oil levels, multiple bearings, and different bearing orientations; Upgrading and retrofit opportunities; Bearing cages; Bearing preload and clearance effects; Bearing dimensions and mounting tolerances; What we have learned; References 327 $a6. Lubricant Application and Cooling ConsiderationsLubricant level and oil application; Issues with oil rings; Pressure and temperature balance in bearing housings; Cooling not needed on pumps with rolling element bearings; Oil delivery by constant level lubricators; Black oil; Lube application as oil mist (oil fog); Desiccant breathers and expansion chambers; What we have learned; References; 7. Lubricant Types and Key Properties; Lubricant viscosities; When and why high film strength synthetic lubricants are used; Lubricants for oil mist systems; What we have learned; References 327 $a8. Bearing Housing Protection and Cost JustificationNoncontacting bearing protector seals; Contacting bearing protector seals; How venting and housing pressurization affect bearing protector seal performance; Cost justification overview; Advanced bearing housing (bearing protector) seal summary; What we have learned; References; 9. Mechanical Sealing Options for Long Life; Still using packing?; General overview of mechanical seals; All flush plans have advantages and disadvantages; Always obtain the full picture; Seal chamber pumping ring (circulating device) technologies 327 $aLessons apply to many services 330 $aLearn all the basics about pumps in one place. Clearly written by an ace consultant, this manual for operators and specialists in the petroleum industry gives readers a concise overview of the mechanics of various pumps and reviews the specifications to be considered before a pump is purchased and installed. The straight-forward text explains pump hydraulics without need of involved mathematics and provides expert advice on installing centrifugal pumps in process plants. The book also emphasizes the mechanical aspects of pumps as it delves into misunderstandings and oversights on bearings, sea 606 $aPumping machinery 606 $aHydraulic control 615 0$aPumping machinery. 615 0$aHydraulic control. 676 $a621.6/9 686 $aTEC009000$2bisacsh 700 $aBloch$b Heinz P.$f1933-$0621787 801 0$bMiAaPQ 801 1$bMiAaPQ 801 2$bMiAaPQ 906 $aBOOK 912 $a9910139454003321 996 $aPump wisdom$92168419 997 $aUNINA LEADER 03083nam 2200661 450 001 9910787871203321 005 20240116083648.0 010 $a0-8047-9075-2 024 7 $a10.1515/9780804790758 035 $a(CKB)2670000000545074 035 $a(EBL)1656998 035 $a(SSID)ssj0001131879 035 $a(PQKBManifestationID)12464427 035 $a(PQKBTitleCode)TC0001131879 035 $a(PQKBWorkID)11145214 035 $a(PQKB)10738322 035 $a(DE-B1597)564558 035 $a(DE-B1597)9780804790758 035 $a(Au-PeEL)EBL1656998 035 $a(CaPaEBR)ebr10852487 035 $a(OCoLC)875097689 035 $a(OCoLC)1198929723 035 $a(PPN)236068938 035 $a(MiAaPQ)EBC1656998 035 $a(EXLCZ)992670000000545074 100 $a20140407h20142014 uy 0 101 0 $aeng 135 $aurcn|---||||| 181 $ctxt 182 $cc 183 $acr 200 14$aThe co-creation paradigm /$fVenkat Ramaswamy and Kerimcan Ozcan 210 1$aStanford, California :$cStanford University Press,$d2014. 210 4$dİ2014 215 $a1 online resource (356 p.) 300 $aDescription based upon print version of record. 311 $a0-8047-8915-0 320 $aIncludes bibliographical references and index. 327 $aContents; Acknowledgments; Preface; 1. Introduction To The Co-Creation Paradigm; 2. Innovating Co-Creation Platforms of Engagements; 3. Enabling and Connecting With Co-Creation Experiences; 4. Leveraging Co-Creation Ecosystems of Capabilities; 5. Building Co-Creative Managament Systems; 6. Crafting Co-Creative Enterprise Archictectures; 7. Co-Creating Transformational Change; 8. Evolving Economies and Societies Through Co-Creation; 9 . Wealth-Welfare-Wellbeing And Private-Public-Social Sector Co-Creation; 10. Embracing The Co-Creation Paradigm; Reference Matter; Notes; Bibliography; Index 330 $aA fundamental shift is underway that will change how we conceive of value. In an era of increasing interconnectedness, individuals, as opposed to institutions, stand at the center of value creation. To adapt to this tectonic shift, organizations can no longer unilaterally devise products and services. They must engage stakeholders-from customers and employees to suppliers, partners, and citizens at large-as co-creators.Co-creation guru Venkat Ramaswamy and Kerimcan Ozcan call for enterprises to be mindful of lived experiences, to build engagement platforms and management systems t 606 $aCustomer relations 606 $aRelationship marketing 606 $aProduct management 606 $aBusiness networks 615 0$aCustomer relations. 615 0$aRelationship marketing. 615 0$aProduct management. 615 0$aBusiness networks. 676 $a658.5/75 700 $aRamaswamy$b Venkatram$0438046 702 $aOzcan$b Kerimcan$f1971- 801 0$bMiAaPQ 801 1$bMiAaPQ 801 2$bMiAaPQ 906 $aBOOK 912 $a9910787871203321 996 $aThe co-creation paradigm$93864256 997 $aUNINA